MDQL
is popping MORE tags! Check the
thread
!
Quizzes
Events
Quiz Creation
Community
Videos
Private Events
Remove Ads
Sign In
Join for FREE
Feedback
Dark Mode
Quiz Categories
Sports
Geography
Music
Movies
Television
Just For Fun
Miscellaneous
History
Literature
Language
Science
Gaming
Entertainment
Religion
Holiday
For Kids
Quiz Lab
Recent
Popular Today
Quiz Kudos Today
Editor Picks
Curator Picks
Quizzes by...
Day
Popularity
Type
Ratings
Length
Year
Community
Subscriptions
Recent Discussions
Orange Saloon
Badges
Playlists
Quests
Create
Leaderboards
Showdown
Live 5
Trivia Bingo
Activity
Puzzle Library
Sporcle Events
Private Events
Virtual Trivia
Globe League
Become a Host
Pub Owners
SporcleCon
Opinionation
Our Games
Videos
Blog
Mobile Apps
Partnerships
Remove Ads and Go Orange
Feedback
Sports
Athletes
MLB
NBA
NHL
NFL
Soccer
Sports Teams
WWE
NCAA
Football
Premier League
Basketball
Baseball
Hockey
Golf
Tennis
Cricket
Rugby
Auto Racing
Olympics
World Cup
Sports
Athletes
MLB
NBA
NHL
NFL
Soccer
Sports Teams
WWE
NCAA
Football
Premier League
Basketball
Baseball
Hockey
Golf
Tennis
Cricket
Rugby
Auto Racing
Olympics
World Cup
Random Quiz
Search Sporcle
×
Quiz Lab
Quiz Lab
Sports
NCAA
Click on answers out of a set of options
Click on answers out of a set of options
Multiple Choice
Best Score? Go Orange.
March Madness 2017 Burcham Stats
Can you choose the March Madness 2017 Burcham?
By
mattburcham
10m
67 Questions
111 Plays
111 Plays
111 Plays
Comments
Comments
Give Quiz Kudos
Give Quiz Kudos
-
- Ratings
hide this ad
More Info
Random Order
Randomize order of answers
Randomize order of answers
Replay
Link that replays current quiz
Next Quiz
Link to next quiz in quiz playlist
You Got
0%
They Got
Avg Score
84%
Avg Friend Score
Upgrade to see
Score Distribution
Jump to the score distribution portion of the page
Score
0/67
Timer
10:00
1
Play Today
Question
Answer
Wrong Answers
Oregon
Ducks
96.4%
Rams
0%
Tigers
0%
Spiders
0%
Florida State
Seminoles
95.5%
Rams
0.9%
Rattlers
0%
Hellcats
0%
Gonzaga
Bulldogs
95.5%
Gulls
0.9%
Thunder
2.7%
Cowboys
0.9%
Louisville
Cardinals
95.5%
Bruins
0.9%
Red Streak
0%
Thunder Wolves
0%
North Carolina
Tar Heels
95.5%
Red Storm
0.9%
Demons
2.7%
Explorers
0%
Kentucky
Wildcats
95.5%
Rams
1.8%
Fighting Dogs
0.9%
Stallions
0%
Notre Dame
Fighting Irish
95.5%
Go Devils
0%
Bruins
0%
Mustangs
0%
UCLA
Bruins
95.5%
Mustangs
1.8%
Stallions
0%
Blue Streak
0%
South Carolina
Gamecocks
94.6%
Bushmen
0%
Knights
0%
Bruins
0%
Villanova
Wildcats
94.6%
Tigers
0.9%
Bulldogs
1.8%
Vols
2.7%
Michigan
Wolverines
94.6%
Lancers
0%
Tigers
0.9%
Spiders
0%
Baylor
Bears
94.6%
Bruins
1.8%
Farmers
0%
Ironmen
0%
Wisconsin
Badgers
94.6%
Red Storm
0%
Copperheads
0%
Thunder Wolves
0.9%
Duke
Blue Devils
94.6%
Go Devils
0.9%
Rams
0.9%
Panthers
1.8%
Oklahoma State
Cowboys
93.7%
Rough Riders
2.7%
Drifters
0%
Bruins
0%
Minnesota
Golden Gophers
93.7%
Deacons
0%
Eagles
0.9%
Gold Wings
0%
Wichita State
Shockers
93.7%
Huskers
0.9%
Knights
0.9%
Bombers
0.9%
Florida
Gators
93.7%
Rattlers
0%
Lions
0.9%
Bushmen
0.9%
Purdue
Boilermakers
93.7%
Thunder Wolves
1.8%
Kicking Mules
0%
Mustangs
0.9%
Arkansas
Razorbacks
92.8%
Rattlers
0%
Eagles
0.9%
Ramblers
0.9%
West Virginia
Mountaineers
92.8%
Vols
0%
Lightening
0%
Auggies
3.6%
Maryland
Terrapins
92.8%
Drifters
0%
Hoyas
0.9%
Lightening
0.9%
Kansas
Jayhawks
92.8%
Huskers
0%
Lightening
1.8%
Wildcats
5.4%
Miami
Hurricanes
92.8%
Sharks
0%
Rattlers
0%
Zips
1.8%
Michigan State
Spartans
92.8%
Stallions
0.9%
Panthers
0%
Bruins
0.9%
Butler
Bulldogs
91%
Rams
0.9%
Tigers
0%
Wildcats
4.5%
Virginia
Cavaliers
91%
Wildcats
2.7%
Eagles
0.9%
Copperheads
1.8%
Arizona
Wildcats
90.1%
Panthers
2.7%
Tigers
2.7%
Bombers
0.9%
Iowa State
Cyclones
90.1%
Greyhounds
3.6%
Huskers
0.9%
Wildcats
0.9%
Cincinnati
Bearcats
90.1%
Panthers
0.9%
Rams
0%
Wildcats
5.4%
Virginia Tech
Hokies
90.1%
Wildcats
1.8%
Eagles
2.7%
Stallions
0%
Vanderbilt
Commodores
89.2%
Bruins
1.8%
Colts
1.8%
Cavaliers
0.9%
Nevada
Wolf Pack
88.3%
Ramblers
3.6%
Blue
0.9%
Streak
0%
Creighton
Bluejays
87.4%
Tigers
4.5%
Bruins
0.9%
Eagles
2.7%
Providence
Friars
86.5%
Tigers
5.4%
Blue
0.9%
Streak
1.8%
SMU
Mustangs
86.5%
Riders
1.8%
Tigers
6.3%
Copperheads
1.8%
USC
Trojans
85.6%
Cowboys
1.8%
Matadors
2.7%
Spartans
2.7%
Wake Forest
Demon Deacons
85.6%
Explorers
0.9%
Mustangs
2.7%
Golden Griffins
4.5%
Xavier
Musketeers
85.6%
Cavaliers
2.7%
Tigers
1.8%
Aces
3.6%
VCU
Rams
84.7%
Zips
2.7%
Lightening
2.7%
Lions
4.5%
Kansas State
Wildcats
84.7%
Lancers
0%
Huskers
5.4%
Copperheads
2.7%
Northwestern
Wildcats
84.7%
Eagles
4.5%
Tigers
5.4%
Blue Streak
0%
Saint Mary's
Gaels
83.8%
Lightening
3.6%
Cavaliers
3.6%
Blue Streak
4.5%
Dayton
Flyers
82.9%
Red Storm
5.4%
Eagles
2.7%
Demons
3.6%
Seton Hall
Pirates
82%
Statesmen
2.7%
Red Storm
3.6%
Hoyas
6.3%
New Mexico State
Aggies
82%
Wildcats
7.2%
Thunder
0.9%
Lions
2.7%
Princeton
Tigers
81.1%
Deacons
5.4%
Demons
0.9%
Explorers
3.6%
South Dakota State
Jackrabbits
81.1%
Lobos
1.8%
Kicking Mules
3.6%
Matadors
2.7%
Marquette
Golden Eagles
79.3%
Eagles
10.8%
Tigers
0.9%
Spartans
3.6%
Troy
Trojans
77.5%
Spartans
4.5%
Cavaliers
3.6%
Deacons
1.8%
Middle Tennessee
Blue Raiders
75.7%
Ramblers
7.2%
Bushmen
2.7%
Stallions
5.4%
Kent State
Golden Flashes
75.7%
Statesmen
7.2%
Demons
5.4%
Flames
1.8%
Rhode Island
Rams
74.8%
Sharks
3.6%
Panthers
8.1%
Eagles
6.3%
Bucknell
Bison
73.9%
Hellcats
6.3%
Tigers
7.2%
Cowboys
3.6%
Florida Gulf Coast
Eagles
73%
Knights
7.2%
Bombers
3.6%
Auggies
7.2%
Iona
Gaels
71.2%
Hellcats
2.7%
Statesmen
13.5%
Colts
3.6%
Mount St Mary's
Mountaineers
71.2%
Cavaliers
7.2%
Tigers
4.5%
Cowboys
5.4%
Northern Kentucky
Norse
70.3%
Tigers
4.5%
Greyhounds
9.9%
Commodores
5.4%
UNC Wilmington
Seahawks
70.3%
Wildcats
3.6%
Greyhounds
11.7%
Lancers
5.4%
Vermont
Catamounts
70.3%
Explorers
3.6%
Lancers
8.1%
Spiders
9%
Winthrop
Eagles
69.4%
Cutters
7.2%
Ironmen
9%
Lobos
5.4%
New Orleans
Privateers
68.5%
Tigers
5.4%
Sharks
4.5%
Deacons
9%
East Tennessee State
Buccaneers
64%
Aces
7.2%
Colts
5.4%
Explorers
14.4%
North Carolina Central
Eagles
62.2%
Frogs
5.4%
Thunder
10.8%
Lobos
9.9%
Jacksonville State
Gamecocks
60.4%
Thunder
11.7%
Kicking Mules
5.4%
Ironmen
9.9%
UC Davis
Aggies
57.7%
Frogs
7.2%
Colts
13.5%
Commodores
9%
Texas Southern
Tigers
47.7%
Cowboys
27.9%
Commodores
6.3%
Cutters
6.3%
Quiz Playlist
Details
Report
Send in Message
Add To Playlist
More Info:
Pick the Mascot of the March Madness Team
Multiple Choice:
Click on answers out of a set of options
Random Order:
Randomize order of answers
Last Updated: Mar 16, 2017
Quiz Scoreboard
CHALLENGE
Sign Up to Join the Scoreboard
Show All
Scores
Hide
Comments
May contain spoilers
Recently Published
Holiday 10x10 Sorting Gallery
by lukepisani3
Holiday
15m
Two Season TV Shows II
by 123Four
Television
10m
Image Sorting: Flags VI
by Barbecue
Geography
2m
More to Explore
Quiz From the Vault
Featured Blog Post
14 Easter Pick-up Lines to Find Eggs With
hide this ad
You Might Also Like...
Tags
NCAA Quiz
NCAA Basketball
NCAA Mascots
NCAA Nicknames
NCAA Sports
NCAA Tournament
Today's Top Quizzes in Sports
Browse Sports
hide this ad
Today's Top Quizzes in NCAA
Browse NCAA
Top Contributed Quizzes in Sports
1
Les meilleurs buteurs des matchs entre le PSG et l’OM
2
Les entraîneurs de l'OM et du PSG au 21e siècle
3
2022 World Cup Stars
4
Players with Multiple 50 Home Run Seasons
5
Les joueurs passés par le PSG et l'OM
6
FIFA Club World Cup Champions
7
Top 10 NHL Goal Scorers of All Time
8
Criteria MLB: Left Handed Sluggers
9
Les joueurs passés par le LOSC et le RC Lens
10
2023 MLB Unique Player Accomplishments
Explore More
Trending Topics
Crossword
Anime
Harry Potter
Disney
NBA
Kpop
Marvel
Song
The Office
Puzzle
Soccer
WWE
Country
Pokémon
NFL
hide this ad
More By:
mattburcham
Quiz
Plays
Rating
Category
Featured
Created
March Madness 2017 Burcham
111
Sports
Mar 13, 2017
Go to Creator's Profile
Score Distribution
Quiz Creator Spotlight
mattburcham
Follow
Send a Message
Quizzes Created
-
Created Quiz Play Count
-
More By This Creator
Popular Quizzes Today
1
Find the US States - No Outlines Minefield
2
Colored Red Africa Blitz
3
Find the 'City' Movie
4
The Countries of the World
5
Find the US States
6
5x2 Blitz: Bands
7
Find the Countries of Europe - No Outlines Minefield
8
US States
More Sports Quizzes
NBA Stat Leaders From Every Team (2018-2019)
Quiz Lab
Trending Quizzes
Colored Red Europe Blitz I
Colored Red Europe Blitz II
Colored Red Africa Blitz II
Colored Red Europe Blitz III
Colored Red Africa Blitz III
Recently Updated
Odd Team Out - Big 4 Players
pecheneg
Quick Pick: 20 Twenties
pecheneg
March Madness Men's Triple Doubles
pecheneg
How Do You Spell That?
pecheneg
Godzilla Movies
pecheneg
Grab Bag: 4-10 Letters
pecheneg
2024 March Madness Bracket
pecheneg
Famous TV Couples
Peacemaker
Champions League XIs: Real Madrid
pecheneg
Largest US Cities 1790-2010
pecheneg
Trending Topics
Anime
Harry Potter
NBA
Crossword
Kpop
Marvel
Disney
Song
Pokémon
Country
Soccer
WWE
NFL
Puzzle
The Office
Your Account Isn't Verified!
In order to create a playlist on Sporcle, you need to verify the email address you used during registration. Go to your
Sporcle Settings
to finish the process.
Report this User
Report this user for behavior that violates our
Community Guidelines
.
Details:
Send Report
Go to the Sporcle.com Mobile Site →
Comments